000 00613nam a2200241Ia 4500
003 OSt
005 20221005133119.0
006 a|||||r|||| 00| 0
007 ta
008 221004b |||||||| |||| 00| 0 hin d
024 _a43849
037 _cTextual
040 _aCRL
_cCRL
_bhin
041 _2hin
_ahin
082 _aO15,2D40,3, 152K5
100 _aKalidasa
245 0 _aVikrmorvasiyam comm by Tarinish Jha
260 _c1965
650 _a ENGLISH LITERATURE
650 _aSANSKRIT LITERATURE
942 _hO15,2D40,3, 152K5
_cTEXL
_2cc
999 _c1065776
_d1065776